000 01264nam a2200325Ki 4500
001 ocn911043471
005 20151002161415.0
008 151002s2014 ck d fr 000 0dspa d
020 _a9789588040707
040 _aCo-Bo UCM
_bspa
_eRCAA
_cLuz Cupitra
_dLuz Cupitra
041 0 _aspa
043 _ack
100 1 _aArango Vélez, Carlos,
_d1897-1974,
_eauthor.
_971954
110 1 _93835
_aAcademia Colombiana de Historia
245 1 0 _aCarlos Arango Vélez :
_belocuencia, leyes y acción pública /
_cOtto Morales Benítez, prólogo y antología.
260 _aBogotá (Colombia)
_c2014
_bAcademia Colombiana de Historia
300 _a813 páginas
_btablas
600 1 4 _aArango Vélez, Carlos,
_d1897-1974.
_971954
650 7 _aDiplomáticos
_zColombia.
_922068
650 7 _aDiplomáticos
_zColombia
_913312
_vEnsayos, conferencias, etc
_ySiglo XX
650 7 _aOratoria
_zColombia
_920798
651 7 _aColombia
_xPolítica y Gobierno
_ySiglo XX
_971955
651 7 _aColombia
_xHistoria
_ySiglo XX
_926607
690 _aCiencia política -- Historia
690 _aHistoria política
700 1 _aMorales Benítez, Otto,
_971956
765 1 _aespañol
942 _2DEWEY
_a21
_cLIBRO
_e1
_h320.59861
_mA662
999 _c301466
_d301466